Statistics for NFL FOOTBALL (AFC WEST) STARTING QB QUIZ

Click here to take the quiz!

General Stats

  • This quiz has been taken 25 times
  • The average score is 10 of 20

Answer Stats

HintAnswer% Correct
KC (80)Patrick Mahomes
100%
DEN (57)Peyton Manning
100%
KC (76)Alex Smith
90%
OAK (142)Derek Carr
90%
LAC (49)Justin Herbert
90%
LAC (224)Philip Rivers
90%
DEN (21)Drew Lock
67%
LAC (58)Drew Brees
52%
DEN (38)Brian Griese
38%
OAK (25)JaMarcus Russell
38%
DEN (37)Jay Cutler
38%
OAK (58)Rich Gannon
38%
DEN (24)Trevor Siemian
38%
DEN (54)Jake Plummer
33%
KC (88)Trent Green
33%
OAK (24)Carson Palmer
19%
DEN (33)Kyle Orton
19%
KC (47)Matt Cassel
19%
OAK (28)Kerry Collins
10%
LAC (22)Doug Flutie
5%

Score Distribution

Percentile by Number Answered

Percent of People with Each Score

Your Score History

You have not taken this quiz